000
00279nam a22001217a 4500
008
180730b xxu||||| |||| 00| 0 eng d
082
_a
813.52
245
_a
Interactive Physiology
_c
Cummings,B
260
_c
2008
300
_a
2
_f
CD
440
_x
9780321506825
942
_2
ddc
_c
MX
999
_c
46656
_d
46656